| 000 | 00568nam a2200193 i 4500 | ||
|---|---|---|---|
| 001 | 67212 | ||
| 003 | ES-MaACL | ||
| 005 | 20230906170013.0 | ||
| 007 | t| | ||
| 008 | 040512s1983 sp ||||1| spa d | ||
| 080 | _a339.175(460.12 Ov.)"4/14" | ||
| 100 | 1 |
_aBenito Ruano, Eloy. _927689 |
|
| 245 | 1 | 3 |
_aEl mercado de Oviedo / _cEloy Benito Ruano. |
| 260 |
_aOviedo : _bUniversidad, _c[1983] |
||
| 300 |
_ap. [151]-162 ; _c25 cm. |
||
| 500 | _aSeparata de Archivum, XXXVI. | ||
| 650 | 1 | 4 |
_aMercados- _zOviedo- _yS. V-XV. _914999 |
| 852 |
_aES-MaACL _j2166-F-1 _bR.130539 |
||
| 999 |
_c67212 _d67212 |
||